| 000 | 00936nmc a2200325 a 4500 | ||
|---|---|---|---|
| 003 | AR-BaBNM | ||
| 005 | 20251128203453.0 | ||
| 008 | 047019s1978 ||||||||||||||000 | spa|| | ||
| 020 | _a84-03-18280-5 | ||
| 040 | _cAR-BaBNM | ||
| 100 | 1 | _aSamuelson, Paul Anthony | |
| 245 | 1 | 0 | _aCurso de economía moderna |
| 250 | _a17ª ed. | ||
| 260 |
_aMadrid _bAguilar _c1978 |
||
| 300 | 0 |
_a994 p. _bgráfs., tablas |
|
| 490 | 0 | _aBiblioteca de ciencias sociales. Sección historia | |
| 500 | 0 | _aContiene índice alfabético p. 969-994 | |
| 650 | 4 | _aECONOMIA | |
| 650 | 4 | _aENSENANZA DE LA ECONOMIA | |
| 650 | 4 | _aTEORIA ECONOMICA | |
| 650 | 4 | _aFINANZAS | |
| 650 | 4 | _aCOMERCIO | |
| 650 | 4 | _aSISTEMAS ECONOMICOS | |
| 650 | 4 | _aPLANIFICACION Y ADMINISTRACION ECONOMICAS | |
| 653 | 0 | _aECONOMIA POLITICA | |
| 700 | 1 |
_aSampedro, José Luis _etraductor |
|
| 700 | 1 |
_aGarcía de Diego, Luis _earreglo |
|
| 942 | _cBK | ||
| 998 | _cmariana | ||
| 999 |
_c3532 _d3532 |
||